| 000 | 00629nam a2200217 a 4500 | ||
|---|---|---|---|
| 001 | 54858 | ||
| 003 | BD-RjUL | ||
| 005 | 20211209080158.0 | ||
| 008 | 161112s2004 ii a|||| |||| 00| 0 eng d | ||
| 020 | _a8176487406 (cased) | ||
| 035 | _a(BD-RjUL)54980 | ||
| 040 |
_aBD-RjUL _beng _cBD-RjUL |
||
| 041 | _aeng | ||
| 082 |
_a 664.001579 _bNAF 2004 _223 |
||
| 100 | 1 |
_aNarang, S. P. _9114294 |
|
| 245 | 1 | 0 |
_aFood microbiology : _b methods of enumeration / _cS.P. Narang. |
| 260 |
_aNew Delhi : _bA P H Pub. Corp., _c2004. |
||
| 300 |
_axii, 292 p. : _b ill. ; _c23 cm. |
||
| 650 |
_aFood _9163534 _xMicrobiology |
||
| 942 |
_2ddc _cBK |
||
| 999 |
_c54858 _d54858 |
||